神戸製鋼80年

Gespeichert in:
Bibliographische Detailangaben
Körperschaft: 神戸製鋼所
Format: Buch
Sprache:Undetermined
Veröffentlicht: 神戸 神戸製鋼所 1986
Schlagworte:
Tags: Tag hinzufügen
Keine Tags, Fügen Sie den ersten Tag hinzu!
Thư viện lưu trữ: Trung tâm Học liệu Trường Đại học Cần Thơ
LEADER 00468nam a2200181Ia 4500
001 CTU_95586
008 210402s9999 xx 000 0 und d
082 |a 338.4 
082 |b K75 
110 |a 神戸製鋼所 
245 0 |a 神戸製鋼80年 
245 0 |c 神戸製鋼所 
260 |a 神戸 
260 |b 神戸製鋼所 
260 |c 1986 
650 |a Steel Industry And Trade 
904 |i Ngoc,Hải 
980 |a Trung tâm Học liệu Trường Đại học Cần Thơ